| 000 | 01041cam a2200337 i 4500 | ||
|---|---|---|---|
| 999 |
_c200437093 _d55305 |
||
| 001 | 200437093 | ||
| 003 | TR-AnTOB | ||
| 005 | 20200227164534.0 | ||
| 007 | ta | ||
| 008 | 190528s20192017 | ||
| 009 | 00TUR0Y00GB 201905280000aa | ||
| 020 | _a9786059460316 | ||
| 040 |
_aANKA _beng _erda _cANKA _dTR-AnTOB |
||
| 041 | 1 |
_atur _heng |
|
| 050 | 1 | 4 |
_aB1603.U873 _bT8 2019 |
| 090 |
_aB1603.U873 _bT8 2019 |
||
| 100 | 1 |
_aMill, John Stuart, _d1806-1873 _eauthor _9104481 |
|
| 240 | 1 | 0 |
_aUtilitariarism. _fTurkish |
| 245 | 1 | 0 |
_aFaydacılık / _cJohn Stuart Mill; çeviri ve sunuş Dr. Gökhan Murteza. |
| 264 | 1 |
_aİstanbul : _bPinhan Yayıncılık, _c2019. |
|
| 264 | 1 | _c©2017 | |
| 300 |
_a100 pages ; _c21 cm |
||
| 336 |
_atext _2rdacontent _btxt |
||
| 337 |
_aunmediated _2rdamedia _bn |
||
| 338 |
_avolume _2rdacarrier _bnc |
||
| 490 | 0 |
_aPinhan Yayıncılık ; _v147 _aPolitika dizisi ; _v10 |
|
| 650 | 7 |
_aFaydacılık _2etuturkob _953435 |
|
| 700 | 1 |
_aMurteza, Gökhan _etranslator _9126991 |
|
| 942 |
_2lcc _cBK |
||